000 00694nam a2200217 i 4500
001 110594
003 ES-MaACL
005 20230906185110.0
007 t|
008 070206s1922 sp ||||1| spa d
080 _a821.134.2-32"19"
100 1 _aDíaz-Caneja, Guillermo.
_944190
245 1 3 _aLa tragedia de Paulina
_b: novela inédita /
_cGuillermo Díaz-Caneja ; (ilustraciones de Juan del Chopo).
260 _a[Madrid :
_bLa Novela Corta,
_c1922]
300 _a[32] p. :
_bil. ;
_c20 cm.
490 1 _aLa novela corta ;
_v345
700 1 _aChopo, Juan del.
_938612
830 0 _aLa novela corta ;
_v345
_9182142
852 _aES-MaACL
_j2213-F-8
_bR.138616
999 _c110594
_d110594